000 00566cam a2200193 4500500
005 20260329002541.0
041 _afre
042 _adc
100 1 0 _aPéju, Pierre
_eauthor
245 0 0 _aHamadi Redissi, un laïc en Tunisie
260 _c2012.
500 _a89
690 _aIslam
690 _aPrintemps arabes
690 _aRedissi
690 _aTunisie
786 0 _nPhilosophie magazine | 65 | 12 | 2012-12-01 | p. 19-21 | 1951-1787
856 4 1 _uhttps://shs.cairn.info/magazine-philosophie-magazine-2012-12-page-19?lang=fr&redirect-ssocas=7080
999 _c1816098
_d1816098